Statistics for Roger Federer Multiple Choice Quiz

Click here to take the quiz!

General Stats

  • This quiz has been taken 537 times
    (438 since last reset)
  • The average score is 11 of 15

Answer Stats

QuestionAnswer% Correct
How many French open titles has he won?1
91%
When was his last Wimbledon title?2017
89%
How many grand slams has he won?20
88%
How many times has he played against Nadal?40
86%
How many titles has he won?103
85%
What grand slam was his first?Wimbledon
84%
How many Australian open titles has he won?6
82%
What grand slam was his last final losing?Wimbledon
82%
Who did he beat at Australian Open 2018 Finals?Marin Cilic
74%
How many titles did he win in 2016?0
63%
Who did he beat at US Open 2005 Finals?Andre Agassi
60%
Where was his last title?Basel
60%
How many grand slams did he win in 20092
56%
How many times has he played against Djokovic?50
47%
What round did he lose at Australian Open 20194th Round
46%

Score Distribution

Percentile by Number Answered

Percent of People with Each Score

Your Score History

You have not taken this quiz since the last reset